| 000 -LEADER |
| fixed length control field |
01528cam a22003618i 4500 |
| 001 - CONTROL NUMBER |
| control field |
20830189 |
| 005 - DATE AND TIME OF LATEST TRANSACTION |
| control field |
20240703103546.0 |
| 008 - FIXED-LENGTH DATA ELEMENTS--GENERAL INFORMATION |
| fixed length control field |
190130s2019 enk b 001 0 eng |
| 010 ## - LIBRARY OF CONGRESS CONTROL NUMBER |
| LC control number |
2019004030 |
| 020 ## - INTERNATIONAL STANDARD BOOK NUMBER |
| International Standard Book Number |
9780367207939 (pbk.) |
| 020 ## - INTERNATIONAL STANDARD BOOK NUMBER |
| Canceled/invalid ISBN |
9780429263552 (ebook) |
| 041 ## - LANGUAGE CODE |
| Language code of text/sound track or separate title |
eng |
| 042 ## - AUTHENTICATION CODE |
| Authentication code |
pcc |
| 080 ## - UNIVERSAL DECIMAL CLASSIFICATION NUMBER |
| Universal Decimal Classification number |
378+001.4 G-69 |
| 100 1# - MAIN ENTRY--PERSONAL NAME |
| Personal name |
Gournelos, Ted, |
| Dates associated with a name |
1979- |
| Relator term |
author. |
| 9 (RLIN) |
22667 |
| 245 10 - TITLE STATEMENT |
| Title |
Doing academic research : |
| Remainder of title |
a practical guide to research methods and analysis / |
| Statement of responsibility, etc. |
Ted Gournelos, Joshua R. Hammonds and Maridath A. Wilson. |
| 263 ## - PROJECTED PUBLICATION DATE |
| Projected publication date |
1906 |
| 264 #1 - PRODUCTION, PUBLICATION, DISTRIBUTION, MANUFACTURE, AND COPYRIGHT NOTICE |
| Place of production, publication, distribution, manufacture |
Milton Park, Abingdon, Oxon ; |
| -- |
New York, NY : |
| Name of producer, publisher, distributor, manufacturer |
Routledge, |
| Date of production, publication, distribution, manufacture, or copyright notice |
2019. |
| 300 ## - PHYSICAL DESCRIPTION |
| Extent |
175 pages:, |
| Other physical details |
23cm. |
| 504 ## - BIBLIOGRAPHY, ETC. NOTE |
| Bibliography, etc. note |
Includes bibliographical references and index. |
| 650 #0 - SUBJECT ADDED ENTRY--TOPICAL TERM |
| Topical term or geographic name entry element |
Social sciences |
| General subdivision |
Research |
| -- |
Methodology. |
| 9 (RLIN) |
22668 |
| 650 #0 - SUBJECT ADDED ENTRY--TOPICAL TERM |
| Topical term or geographic name entry element |
Humanities |
| General subdivision |
Research |
| -- |
Methodology. |
| 9 (RLIN) |
22669 |
| 650 #0 - SUBJECT ADDED ENTRY--TOPICAL TERM |
| Topical term or geographic name entry element |
Business |
| General subdivision |
Research |
| -- |
Methodology. |
| 9 (RLIN) |
14417 |
| 650 #0 - SUBJECT ADDED ENTRY--TOPICAL TERM |
| Topical term or geographic name entry element |
Scholarly publishing. |
| 9 (RLIN) |
14386 |
| 653 ## - INDEX TERM--UNCONTROLLED |
| keyword |
აკადემიური კვლევის ჩატარება: კვლევის მეთოდებისა და ანალიზის პრაქტიკული გზამკვლევი |
| 653 ## - INDEX TERM--UNCONTROLLED |
| keyword |
პედაგოგიკა |
| 653 ## - INDEX TERM--UNCONTROLLED |
| keyword |
მეცნიერბა |
| 700 ## - ADDED ENTRY--PERSONAL NAME |
| Personal name |
Hammonds, Joshua R. |
| 9 (RLIN) |
22670 |
| 700 ## - ADDED ENTRY--PERSONAL NAME |
| Personal name |
Wilson, Maridath A |
| 9 (RLIN) |
22671 |
| 906 ## - LOCAL DATA ELEMENT F, LDF (RLIN) |
| a |
7 |
| b |
cbc |
| c |
orignew |
| d |
1 |
| e |
ecip |
| f |
20 |
| g |
y-gencatlg |
| 942 ## - ADDED ENTRY ELEMENTS (KOHA) |
| Source of classification or shelving scheme |
|
| Koha item type |
წიგნი |